Statistics for Exotic Animals

Click here to take the quiz!

General Stats

  • This quiz has been taken 42 times
  • The average score is 5 of 7

Answer Stats

Answer% Correct
Camel
100%
Hippopotamus
100%
Leopard
100%
Komodo Dragon
94%
Anaconda
69%
Moray Eel
56%
Triggerfish
25%

Score Distribution

Percentile by Number Answered

Percent of People with Each Score

Your Score History

You have not taken this quiz